| 000 | 00657nam a2200241Ia 4500 | ||
|---|---|---|---|
| 003 | OSt | ||
| 005 | 20220916110950.0 | ||
| 006 | a|||||r|||| 00| 0 | ||
| 007 | ta | ||
| 008 | 220915b |||||||| |||| 00| 0 eng d | ||
| 024 | _a41071 | ||
| 037 | _cTextbook | ||
| 040 |
_beng _aARTS _cARTS |
||
| 041 | _aeng | ||
| 082 | _aO15:gv, L0 (TTPS) | ||
| 100 | _aVijayavardhana G | ||
| 245 | 0 | _aOutlines of Sanskrit poetics | |
| 260 |
_aVaranasi _bChowkhamba Sanskrit Series Office India |
||
| 300 |
_a170p. _ccm. |
||
| 650 | _aENGLISH LITERATURE | ||
| 942 |
_hO15:gv, L0 (TTPS) _cTB _2CC |
||
| 999 |
_c102427 _d102427 |
||